International Economics: Theory and Policy. (Record no. 3659)

MARC details
005 - DATE AND TIME OF LATEST TRANSACTION
control field 20250610165900.0
020 ## - INTERNATIONAL STANDARD BOOK NUMBER
International Standard Book Number 10-1-292-01955-7
082 ## - DEWEY DECIMAL CLASSIFICATION NUMBER
Classification number 388.91 KRU
100 ## - MAIN ENTRY--PERSONAL NAME
Author name Krugman, P. R.
245 ## - TITLE STATEMENT
Title International Economics: Theory and Policy.
250 ## - EDITION STATEMENT
Edition statement 10th Ed.
260 ## - PUBLICATION, DISTRIBUTION, ETC.
Place of publication, distribution, etc. New York.
Name of publisher, distributor, etc. Pearson,
Date of publication, distribution, etc. 2015.
300 ## - PHYSICAL DESCRIPTION
Extent 785p.; ill.; figure, table
Other physical details Index
Dimensions 28cm.
700 ## - ADDED ENTRY--PERSONAL NAME
Other authors/Editors OBSFELD, M. & MELITZ, M.
942 ## - ADDED ENTRY ELEMENTS (KOHA)
Source of classification or shelving scheme Dewey Decimal Classification
Koha item type Books
Holdings
Date last seen Total checkouts Full call number Barcode Cost, replacement price Price effective from Koha item type Lost status Source of classification or shelving scheme Damaged status Not for loan Withdrawn status Home library Current library Shelving location Date acquired Cost, normal purchase price
06/10/2025   338.91 KRU DOM0003971 493950.00 06/10/2025 Books   Dewey Decimal Classification       CBE Dodoma CBE Dodoma General Collection 07/24/2017 164650.00